| 000 | 00747nam a2200265Ia 4500 | ||
|---|---|---|---|
| 005 | 20260121165901.0 | ||
| 008 | 008 260114s9999 xx 000 0 eng d | ||
| 020 | _a9783319521626 | ||
| 037 | _aEBOOK | ||
| 040 | _aCRL | ||
| 040 | _beng | ||
| 040 | _cCRL | ||
| 041 | _2eng | ||
| 041 | _aeng | ||
| 084 | _qCRL | ||
| 100 |
_aSerap Kurbano?lu, Joumana Boustany, Sonja Špiranec, Esther Grassian, Diane Mizrachi, Loriene Roy, Tolga Çakmak _91057213 |
||
| 245 | 0 | _aInformation Literacy: Key to an Inclusive Society | |
| 260 | _bSpringer | ||
| 260 | _bSpringer | ||
| 260 | _c2016 | ||
| 856 | _uhttps://link.springer.com/openurl?genre=book&isbn=978-3-319-52162-6 | ||
| 942 | _cEBOOK | ||
| 999 |
_c1622941 _d1622941 |
||